000 00390 a2200169 4500
001 47778
020 _a8508096607
040 _cAnchieta - Aquarius
100 _aAzevedo, Ricardo
240 1 0 _aNinguém sabe o que é um poema
_lpor
245 1 0 _aNinguém sabe o que é um poema
300 _a63
362 0 _a2005
440 1 _aÁtica
650 4 _aLiteratura brasileira
942 _cBK
999 _c47778
_d47778